000 00999nam a22002897a 4500
001 BR2014005534
003 BR-BrBNA
005 20230928104458.0
007 ta
008 230509b bl.||||| |||| 00| 0 por d
040 _aBR-BrBNA
_bpor
_cBiblioteca Nacional de Agricultura
041 _a(Por)
072 _aE14
090 _ E14 BR2014005534
110 1 _aMinistério da Agricultura e do Abastecimento, Brasília, DF (Brasil). Secretaria de Desenvolvimento Rural
_96734
110 1 _aCoordenação Geral de Informação Documental Agrícola, Brasília, DF (Brasil)
_92949
245 1 _aInstrumentos legais e normativos relacionados ao programa nacional de fortalecimento da agricultura familiar- PRONAF
260 3 _aBrasília, DF (Brasil):
_c1997.
300 _a99 p.
650 _aPROJETO DE DESENVOLVIMENTO
650 _aAGRICULTURA FAMILIAR
650 _aLEGISLAÇÃO
650 _aDIRETRIZ
650 _aFINANCIAMENTO
909 _a202309
_bLucia
_c55
_dLucia Elande
942 _cBK
999 _c80141
_d80141